Normal view
MARC view
Entry Personal Name
001 - CONTROL NUMBER
- control field: 6483
003 - CONTROL NUMBER IDENTIFIER
- control field: OSt
005 - DATE AND TIME OF LATEST TRANSACTION
- control field: 20190624062127.0
008 - FIXED-LENGTH DATA ELEMENTS
- fixed length control field: 190624|| aca||aabn | a|a d
040 ## - CATALOGING SOURCE
- Original cataloging agency: OSt
- Transcribing agency: OSt
100 ## - HEADING--PERSONAL NAME
- Personal name: Saboo, Shalini
670 ## - SOURCE DATA FOUND
- Source citation: Work cat.: (OSt): Saboo, Shalini, Value addition to minor forest produce: gateway to economic empowerment of Jharkhand tribals , 2019
